Barcelona's lineup from 2006-2015 title winning champions league final - Statistics

General Stats
  • This quiz has been taken 43 times
  • The average score is 35 of 47
Answer Stats
Hint Answer % Correct
2009 Messi
100%
2011 Messi
100%
2015 Messi
100%
2009 Piqué
100%
2011 Piqué
100%
2015 Piqué
100%
2015 Neymar
97%
2015 Suarez
97%
2006 Valdés
95%
2009 Valdes
95%
2011 Valdés
95%
2009 Xavi
95%
2011 Xavi
95%
2009 Busquets
92%
2011 Busquets
92%
2009 Iniesta
92%
2011 Iniesta
92%
2015 Iniesta
92%
2009 Manager Guardiola
90%
2011 Manager Guardiola
90%
2015 Ter Stegen
90%
2006 Puyol
87%
2009 Puyol
87%
2015 Alba
85%
2006 Eto'o
85%
2009 Eto'o
85%
2015 Manager Luis Enrique
85%
2011 Alves
79%
2015 Alves
79%
2011 Villa
79%
20111 Pedro
77%
2015 Rakitic
77%
2011 Mascherano
74%
2015 Mascherano
74%
2006 Ronaldinho
74%
2009 Henry
69%
2011 Abidal
64%
2006 Manager Rijkaard
38%
2006 Deco
33%
2006 Márquez
33%
2009 Touré
31%
2006 van Bronckhorst
15%
2006 Giuly
13%
2009 Sylvinho
13%
2006 van Bommel
13%
2006 Edmilson
8%
2006 Oleguer
8%
No matching quizzes found
Score Distribution
Percent of People with Each Score
Percentile by Number Answered
Your Score History
You have not taken this quiz